000 00254nam a22001097a 4500
003 OSt
008 150420b xxu||||| |||| 00| 0 eng d
041 _aeng
245 1 0 _aWashington - Franklins Course
246 1 0 _aMN Stamp Expo 2011 Course
300 _a0 pages
999 _c1301
_d1301